000 00654nas a2200217 4500
001 BR8402983
003 BR-BrBNA
005 20231205085932.0
007 ta
008 230509b bl.|||p| |||| 00| 00por d
040 _aBR-BrBNA
_bpor
_cBiblioteca Nacional de Agricultura
041 _a(Pt)
072 _aP05
100 1 _aCoelho, J. de A.
245 1 _aUtilizacao de hidrogenio eletrolitico como combustivel
650 _aHIDROGENIO
650 _aCOMBUSTIVEL
773 0 _tEnergia Fontes Alternativas (Brazil)
_xISSN 0100-6371
_g(Jan-Apr 1984), v. 6(31-32) p. 26-42
_wBR8402983
909 _a202311
_bLúcia
_c55
_dLúcia Elande
942 _2AGRIS
_n0
_cANA
999 _c114923
_d114923